000
00290nam a22001337a 4500
008
170814b xxu||||| |||| 00| 0 eng d
020
_a
2900495559671
041
_a
eng
080
_2
5TH
_a
51
100
_a
36
101
_a
MAT
245
_a
APPLIED MATHEMATICS
_c
TAN,S.T
942
_2
udc
_c
BK
999
_c
23375
_d
23375